| 000 | 00803nas a2200253 4500 | ||
|---|---|---|---|
| 001 | BR2010000470 | ||
| 003 | BR-BrBNA | ||
| 005 | 20231205113843.0 | ||
| 007 | ta | ||
| 008 | 230509b bl.|||p| |||| 00| 00por d | ||
| 040 |
_aBR-BrBNA _bpor _cBiblioteca Nacional de Agricultura |
||
| 041 | _a(Pt) | ||
| 072 | _aF70 | ||
| 100 | 1 | _aCarvalho, F.T. | |
| 100 | 1 | _aMartins, D. | |
| 100 | 1 | _aCarvalho, A.L. | |
| 245 | 1 | _aDinâmica de plantas aquáticas em ecossistemas modificados: ocorrência, levantamento, prejuizos e controle | |
| 650 | _aPLANTA AQUÁTICA | ||
| 650 | _aDINÂMICA POPULACIONAL | ||
| 650 | _aTAXONOMIA VEGETAL | ||
| 773 | 0 |
_tCultura Agronômica (Brazil) _xISSN 0104-1010 _g(2009), v. 18(3) p. 61-73 _wBR2010000470 |
|
| 909 |
_a202311 _bLúcia _c55 _dLúcia Elande |
||
| 942 |
_2AGRIS _n0 _cANA |
||
| 999 |
_c205962 _d205962 |
||